[Event "World Rapid 2017"]
[Site "Riyadh KSA"]
[Date "2017.12.27"]
[Round "10.12"]
[White "Artemiev, Vladislav"]
[Black "Aronian, Levon"]
[Result "1-0"]
[WhiteTitle "GM"]
[BlackTitle "GM"]
[WhiteElo "2691"]
[BlackElo "2805"]
[WhiteFideId "24101605"]
[BlackFideId "13300474"]
[EventDate "2017.12.26"]

1. d4 Nf6 2. Bg5 e6 3. Nd2 c5 4. e3 b6 5. Ngf3 Bb7 6. c3 Be7 7. Bd3 cxd4 8. cxd4
O-O 9. O-O Nd5 10. Bxe7 Qxe7 11. Re1 Nc6 12. e4 Nf4 13. Bf1 d5 14. e5 f6 15. g3
Ng6 16. h4 fxe5 17. dxe5 Qf7 18. Bg2 Qf5 19. Qe2 Ngxe5 20. Nxe5 Nxe5 21. f4 Nd3
22. g4 Qxf4 23. Qxd3 Qf2+ 24. Kh2 Ba6 25. Qe3 Qxh4+ 26. Kg1 Kh8 27. Nf3 Qg3 28.
Nh2 Qh4 29. Qxe6 Qf2+ 30. Kh1 Qxb2 31. Qxd5 Rac8 32. Qe5 Qc2 33. Be4 Bd3 34.
Bxd3 Qxd3 35. Rad1 Qg6 36. Qe6 Qxe6 37. Rxe6 Rf2 38. Red6 Rcf8 39. Rd8 Kg8 40.
a3 b5 41. R8d7 a6 42. R1d2 Rxd2 43. Rxd2 Rf4 44. Kg2 Ra4 45. Rd3 a5 46. Kg3 h6
47. Nf3 Kh7 48. Rc3 b4 49. axb4 Rxb4 50. Rc5 a4 51. Ra5 Rc4 52. Ra6 Kg8 53. Ra8+
Kh7 54. Ra7 Rb4 55. Ra6 Kg8 56. Ne5 Kh7 57. Nd7 a3 58. Nf8+ Kg8 59. Ne6 Re4 60.
Kf3 Re1 61. Nd4 Rf1+ 62. Ke4 Rg1 63. Kf5 Rf1+ 64. Ke5 Rg1 65. Kf4 Rf1+ 66. Nf3
Ra1 67. Kf5 Kh7 68. Ra7 a2 69. Kf4 Kg8 70. Ke3 Kh7 71. Ke2 Kg6 72. Ra6+ Kh7 73.
Kf2 Kg8 74. Ne1 Kh7 75. Ng2 Kg8 76. Nf4 Kh7 77. Ra7 Kg8 78. Kg2 h5 79. Nxh5 Kh7
80. Ra6 g6 81. Nf4 Re1 82. Rxa2 Kh6 83. Ra5 Rb1 84. g5+ Kg7 85. Ra7+ Kg8 86. Ra6
Rb5 87. Rxg6+ Kf7 88. Rf6+ Ke7 89. Re6+ 1-0

[Event "World Rapid 2017"]
[Site "Riyadh KSA"]
[Date "2017.12.27"]
[Round "10.14"]
[White "Savchenko, Boris"]
[Black "Grischuk, Alexander"]
[Result "1/2-1/2"]
[WhiteTitle "GM"]
[BlackTitle "GM"]
[WhiteElo "2566"]
[BlackElo "2772"]
[WhiteFideId "4147332"]
[BlackFideId "4126025"]
[EventDate "2017.12.26"]

1. e4 c5 2. Nf3 e6 3. c3 Nf6 4. e5 Nd5 5. d4 cxd4 6. cxd4 d6 7. Bc4 Be7 8. O-O
O-O 9. Qe2 Nc6 10. Re1 Qb6 11. Qe4 dxe5 12. dxe5 Bc5 13. Rf1 Nd4 14. Nbd2 f5 15.
exf6 Nxf6 16. Qh4 Nf5 17. Qh3 Nd6 18. Bxe6+ Bxe6 19. Qxe6+ Kh8 20. Nc4 Nxc4 21.
Qxc4 Rae8 22. Bg5 Ne4 23. Bh4 Qxb2 24. Rab1 Qc3 25. Qxc3 Nxc3 26. Rxb7 Nxa2 27.
Rd1 Rb8 28. Rxb8 Rxb8 29. Bg3 Nc3 30. Re1 Rb1 31. Rxb1 Nxb1 32. Kf1 Nc3 33. Be5
Ne4 34. Nd4 Bd6 35. Bxd6 Nxd6 36. Nc6 a6 37. Ke2 g5 38. Kd3 Kg7 39. Kd4 Kf6 40.
Kd5 Nf5 41. Nb8 a5 42. Nd7+ Ke7 43. Nc5 Nh4 44. g3 Nf3 45. h3 Kf6 46. Ke4 Ng1
47. h4 g4 48. Nd7+ Kg7 49. Kf4 h5 50. Kg5 Nh3+ 51. Kxh5 Nxf2 52. Kg5 a4 53. Nc5
a3 54. Kf5 a2 55. Nb3 Kh6 56. Kf4 Kg6 57. Ke3 Nh1 58. Kf4 Kh5 59. Na1 Nf2 60.
Ke3 Nh3 61. Kd2 Ng1 62. Nc2 Nf3+ 63. Kc3 Ne1 64. Na1 Ng2 65. Kb2 Nxh4 66. Kxa2
Nf5 67. Nc2 Kg5 68. Kb3 Kf6 69. Kc4 Ke5 1/2-1/2

[Event "World Rapid 2017"]
[Site "Riyadh KSA"]
[Date "2017.12.27"]
[Round "10.15"]
[White "Kokarev, Dmitry"]
[Black "Le, Quang Liem"]
[Result "1/2-1/2"]
[WhiteTitle "GM"]
[BlackTitle "GM"]
[WhiteElo "2615"]
[BlackElo "2737"]
[WhiteFideId "4132181"]
[BlackFideId "12401137"]
[EventDate "2017.12.26"]

1. e4 e5 2. Nf3 Nc6 3. Bb5 Nf6 4. d3 Bc5 5. Bxc6 dxc6 6. Nbd2 Be6 7. O-O Bd6 8.
b3 O-O 9. Bb2 Nd7 10. Nc4 Bxc4 11. bxc4 b5 12. c5 Nxc5 13. Bxe5 Bxe5 14. Nxe5
Qd6 15. Nf3 Ne6 16. d4 Rfd8 17. c3 b4 18. cxb4 Qxb4 19. Rb1 Qa5 20. Rb2 h6 21.
Rc2 Qb6 22. Rc4 Rd6 23. Qa4 Qb5 24. Rfc1 a5 25. Qc2 Rad8 26. Qc3 Qb6 27. Rxc6
Rxc6 28. Qxc6 Nxd4 29. Nxd4 Qxd4 30. g3 Qe5 31. Kg2 Rd4 32. Rc5 Qxe4+ 33. Qxe4
Rxe4 34. Rxa5 Kf8 35. Rc5 Ra4 36. Rxc7 Rxa2 1/2-1/2

[Event "World Rapid 2017"]
[Site "Riyadh KSA"]
[Date "2017.12.27"]
[Round "10.16"]
[White "Bu, Xiangzhi"]
[Black "Sjugirov, Sanan"]
[Result "1-0"]
[WhiteTitle "GM"]
[BlackTitle "GM"]
[WhiteElo "2730"]
[BlackElo "2650"]
[WhiteFideId "8601445"]
[BlackFideId "4189302"]
[EventDate "2017.12.26"]

1. Nf3 d5 2. d4 Nf6 3. c4 e6 4. Bg5 Nbd7 5. cxd5 exd5 6. Nc3 c6 7. e3 Be7 8. Bd3
Ne4 9. Bxe4 Bxg5 10. Bd3 Be7 11. O-O g6 12. Rb1 O-O 13. b4 a6 14. a4 Nb6 15. a5
Nd7 16. Na4 Bd6 17. Qc2 Nf6 18. Nc5 Qc7 19. h3 Bd7 20. Ne5 Rae8 21. Nexd7 Nxd7
22. Rfc1 Rb8 23. Qa4 Nf6 24. Qc2 Qe7 25. Re1 Rfe8 26. Re2 Bc7 27. Rd1 h5 28. Kf1
Kg7 29. Ke1 Nd7 30. Rb1 Nxc5 31. dxc5 Rbd8 32. Qb2+ Kh7 33. Kd1 Be5 34. Qd2 Kg8
35. Kc2 Bg7 36. Kb3 h4 37. Rg1 Qe6 38. Ka3 Qf6 39. Qc2 Re7 40. g4 Qf3 41. Qd1
Rde8 42. Rc2 Qf6 43. g5 Qe5 44. Qg4 Qc7 45. Qxh4 Re5 46. Qg4 Qd8 47. h4 Kf8 48.
h5 gxh5 49. Qxh5 d4 50. e4 Rxe4 51. Bxe4 Rxe4 52. Qf3 Qd5 53. Qb3 Qf5 54. Rd2
Rf4 55. Rg3 Qe4 56. Qd3 Qe1 57. Re2 Qa1+ 58. Kb3 Rh4 59. Ra2 Qc1 60. g6 Rf4 61.
gxf7 Rxf7 62. Re2 Qh1 63. Rh3 Qd5+ 64. Ka3 Qg2 65. Rg3 Qh1 66. Kb3 Qd5+ 67. Kb2
Qh1 68. Rxg7 Rxg7 69. Qxd4 Qd5 70. Qxd5 cxd5 71. Kc3 Rf7 72. Kd4 Rf4+ 73. Kxd5
Rxb4 74. Kd6 Rb5 75. Re7 Rb2 76. Rh7 Rd2+ 77. Kc7 Rb2 78. f4 Kg8 79. Rd7 Kf8 80.
f5 Ke8 81. Rh7 Kf8 82. Kd6 Rb1 83. Ke6 Kg8 84. Rc7 Re1+ 85. Kf6 Rb1 86. Rc8+ Kh7
87. Ke6 Re1+ 88. Kf7 Re5 89. f6 Re2 90. Rd8 Re5 91. Rd1 Kh6 92. Rh1+ Kg5 93. Kg7
Rxc5 94. f7 1-0

[Event "World Rapid 2017"]
[Site "Riyadh KSA"]
[Date "2017.12.27"]
[Round "10.17"]
[White "Fressinet, Laurent"]
[Black "Petrosian, Tigran L."]
[Result "0-1"]
[WhiteTitle "GM"]
[BlackTitle "GM"]
[WhiteElo "2662"]
[BlackElo "2601"]
[WhiteFideId "608742"]
[BlackFideId "13301616"]
[EventDate "2017.12.26"]

1. e4 d6 2. d4 g6 3. Nc3 Bg7 4. Be3 a6 5. h4 h6 6. Qd2 b5 7. f3 Bb7 8. O-O-O Nd7
9. Kb1 Nb6 10. Bd3 Nf6 11. Nh3 Nfd7 12. Nf4 e6 13. Nce2 c5 14. c3 e5 15. Nd5
Bxd5 16. exd5 exd4 17. cxd4 c4 18. Be4 Nf6 19. h5 g5 20. Ng3 Nfxd5 21. Nf5 O-O
22. Bf2 Rc8 23. Rc1 b4 24. Qc2 Re8 25. Rhe1 Bf8 26. g4 Qd7 27. Ng3 Qb5 28. Bxd5
Qxd5 29. Qf5 Qxf5+ 30. Nxf5 d5 31. Bg3 Re6 32. Re5 Rce8 33. b3 a5 34. f4 a4 35.
fxg5 hxg5 36. Kb2 axb3 37. axb3 Ra8 38. Rce1 cxb3 39. Rxe6 Nc4+ 40. Kxb3 fxe6
41. Rxe6 Ra3+ 42. Kc2 b3+ 43. Kb1 Ra2 0-1

[Event "World Rapid 2017"]
[Site "Riyadh KSA"]
[Date "2017.12.27"]
[Round "10.18"]
[White "Short, Nigel D"]
[Black "Laznicka, Viktor"]
[Result "0-1"]
[WhiteTitle "GM"]
[BlackTitle "GM"]
[WhiteElo "2678"]
[BlackElo "2647"]
[WhiteFideId "400025"]
[BlackFideId "316385"]
[EventDate "2017.12.26"]

1. c4 c6 2. Nf3 d5 3. e3 Nf6 4. Nc3 a6 5. b3 Bg4 6. Be2 Bxf3 7. Bxf3 e5 8. d3
Bb4 9. Bd2 d4 10. Ne2 Bxd2+ 11. Qxd2 dxe3 12. Qxe3 O-O 13. O-O Re8 14. b4 Nbd7
15. a4 a5 16. b5 Qc7 17. Rfb1 Qd6 18. Ng3 g6 19. h4 Nc5 20. bxc6 bxc6 21. h5
Rab8 22. h6 Rb4 23. Qg5 Kf8 24. Re1 Nb3 25. Rad1 Nd4 26. c5 Qe7 27. Be4 Nd7 28.
Qxe7+ Rxe7 29. Ne2 Rxa4 30. Nxd4 Rxd4 31. Rc1 Re6 32. g4 Rb4 33. Rc3 Rb5 34.
Rec1 Ke7 35. g5 f6 36. Bf3 fxg5 37. Bg4 Rf6 38. d4 exd4 39. Re1+ Kd8 40. Rd3 Rf4
41. Bxd7 Kxd7 42. Re5 a4 43. Rxg5 Ra5 44. Ra3 Ke6 45. Kf1 Rf5 46. Rg4 Kd5 47.
Rd3 a3 48. Rdxd4+ Kxc5 49. Rd1 a2 50. Ra1 Kb6 51. Re4 Rfb5 52. Ree1 Rb2 53. Kg2
Rg5+ 54. Kf3 Rf5+ 55. Ke4 Rfxf2 56. Kd3 Rh2 57. Kc3 Rbe2 58. Rf1 Rxh6 59. Rf8
Kc5 60. Kd3 Rb2 61. Ra8 Rh3+ 62. Ke4 Rhh2 63. Ra5+ Kb6 64. Ra8 Kb7 65. Ra5 h5
66. Kf4 Rhg2 67. Ra3 h4 68. Ke5 g5 69. Kf5 g4 0-1

[Event "World Rapid 2017"]
[Site "Riyadh KSA"]
[Date "2017.12.27"]
[Round "10.19"]
[White "Wang, Yue"]
[Black "Bosiocic, Marin"]
[Result "1-0"]
[WhiteTitle "GM"]
[BlackTitle "GM"]
[WhiteElo "2690"]
[BlackElo "2624"]
[WhiteFideId "8601429"]
[BlackFideId "14507927"]
[EventDate "2017.12.26"]

1. d4 Nf6 2. c4 e6 3. Nf3 d5 4. g3 Bb4+ 5. Bd2 Be7 6. Bg2 O-O 7. O-O Nbd7 8. Qc2
c6 9. a4 a5 10. Rc1 Ne4 11. Be1 f5 12. Nbd2 Bd6 13. b3 g5 14. Nf1 Qf6 15. Rd1
Ra7 16. N3d2 Nxd2 17. Bxd2 b6 18. Bc3 Ba6 19. Nd2 Rc7 20. e3 Qe7 21. Nf3 g4 22.
Ne5 Bxe5 23. dxe5 Nc5 24. Bd4 Rb8 25. Rac1 Rcc8 26. h3 h5 27. Kh2 gxh3 28. Bxh3
Ne4 29. Qe2 Qh7 30. Qf3 dxc4 31. bxc4 c5 32. Bb2 Bb7 33. Qf4 Qg7 34. Ba1 Rd8 35.
Rd6 Nxd6 36. exd6 Qg6 37. Be5 Bc6 38. Ra1 Rb7 39. Bg2 Be4 40. Qh4 Rf8 41. f3 Bc6
42. Kg1 Kf7 43. Kf2 Ke8 44. Bf1 Rg8 45. Be2 Rh7 46. Rb1 Rb7 47. Rxb6 f4 48. exf4
Bxf3 49. Bxf3 1-0

[Event "World Rapid 2017"]
[Site "Riyadh KSA"]
[Date "2017.12.27"]
[Round "10.20"]
[White "Riazantsev, Alexander"]
[Black "Rakhmanov, Aleksandr"]
[Result "0-1"]
[WhiteTitle "GM"]
[BlackTitle "GM"]
[WhiteElo "2650"]
[BlackElo "2653"]
[WhiteFideId "4125029"]
[BlackFideId "4173708"]
[EventDate "2017.12.26"]

1. d4 Nf6 2. c4 d6 3. Nc3 e5 4. d5 Bf5 5. h3 h5 6. Nf3 Nbd7 7. Ng5 Nc5 8. b4
Nce4 9. Ncxe4 Nxe4 10. Qc2 Nxg5 11. Qxf5 Be7 12. Bd2 h4 13. e3 g6 14. Qc2 f5 15.
f3 Bf6 16. Rc1 e4 17. f4 Nf7 18. c5 O-O 19. c6 b6 20. Ba6 Rb8 21. O-O Kh7 22.
Qd1 Rg8 23. Rb1 Qf8 24. Rb3 Qh6 25. Bc3 Bxc3 26. Rxc3 g5 27. Be2 gxf4 28. exf4
Qg7 29. Bg4 Qxc3 30. Bxf5+ Kh6 31. Kh1 Rg3 32. Bxe4 Re8 33. Bf3 Re3 34. b5 Kg7
35. Bg4 Qb2 36. Rg1 Nh6 37. Be6 Kg6 38. f5+ Kf6 39. Qf1 Qd4 40. Bd7 Nf7 0-1

[Event "World Rapid 2017"]
[Site "Riyadh KSA"]
[Date "2017.12.27"]
[Round "10.21"]
[White "Guseinov, Gadir"]
[Black "Leko, Peter"]
[Result "1/2-1/2"]
[WhiteTitle "GM"]
[BlackTitle "GM"]
[WhiteElo "2646"]
[BlackElo "2691"]
[WhiteFideId "13401378"]
[BlackFideId "703303"]
[EventDate "2017.12.26"]

1. e4 e5 2. Nf3 Nc6 3. Bb5 Nf6 4. O-O Nxe4 5. d4 Nd6 6. dxe5 Nxb5 7. a4 Nbd4 8.
Nxd4 Nxd4 9. Qxd4 d5 10. Qd3 c6 11. a5 Qd7 12. Be3 Qf5 13. Qc3 Qg6 14. f4 a6 15.
Nd2 Bf5 16. Nf3 Be7 17. Bc5 Bxc5+ 18. Qxc5 Be4 19. Ra4 Rd8 20. Rf2 Qg4 21. Rb4
Rd7 22. Ng5 Qd1+ 23. Rf1 Qe2 24. Nxe4 dxe4 25. Qf2 Qxf2+ 26. Kxf2 Rd2+ 27. Ke3
Rxc2 28. Rxb7 O-O 29. Rf2 Rc5 30. b4 Rc4 31. Rd2 c5 32. bxc5 Rxc5 33. Rdd7 g5
34. g3 gxf4+ 35. gxf4 Kg7 36. Kxe4 Rxa5 37. e6 Kf6 38. e7 Re8 39. Rd6+ Kg7 40.
Rd5 Ra1 41. Kf5 Re1 42. Re5 Rd1 43. Rc5 Re1 44. Re5 Rd1 45. Rb2 Rd6 46. Rg2+ Rg6
47. Rge2 Rf6+ 1/2-1/2

[Event "World Rapid 2017"]
[Site "Riyadh KSA"]
[Date "2017.12.27"]
[Round "10.22"]
[White "Amonatov, Farrukh"]
[Black "Sargissian, Gabriel"]
[Result "0-1"]
[WhiteTitle "GM"]
[BlackTitle "GM"]
[WhiteElo "2636"]
[BlackElo "2672"]
[WhiteFideId "14700077"]
[BlackFideId "13300881"]
[EventDate "2017.12.26"]

1. e4 e5 2. Nf3 Nc6 3. Nc3 Nf6 4. g3 Bc5 5. Bg2 d6 6. O-O a6 7. d3 h6 8. h3 Be6
9. Be3 Bxe3 10. fxe3 O-O 11. Nh4 g6 12. d4 Nh5 13. d5 Nxg3 14. Nf3 Nxf1 15. Qxf1
Bd7 16. dxc6 bxc6 17. Rd1 Qe7 18. Kh2 Kh7 19. Qc4 f5 20. exf5 gxf5 21. Ne2 Rg8
22. Ng3 e4 23. Nd4 Qe5 24. Ne2 Rxg3 25. Nxg3 Rg8 26. Kh1 Qxg3 0-1

[Event "World Rapid 2017"]
[Site "Riyadh KSA"]
[Date "2017.12.27"]
[Round "10.23"]
[White "Ponkratov, Pavel"]
[Black "McShane, Luke J"]
[Result "0-1"]
[WhiteTitle "GM"]
[BlackTitle "GM"]
[WhiteElo "2613"]
[BlackElo "2640"]
[WhiteFideId "4157800"]
[BlackFideId "404853"]
[EventDate "2017.12.26"]

1. g3 g6 2. Bg2 Bg7 3. c4 Nf6 4. Nc3 O-O 5. d4 d6 6. Nf3 Nbd7 7. O-O e5 8. b3
Re8 9. e4 exd4 10. Nxd4 c6 11. Re1 Nc5 12. Rb1 Ng4 13. f3 Ne5 14. Re2 a5 15. Be3
a4 16. Rd2 axb3 17. axb3 Qe7 18. Nde2 Bf8 19. h3 Bxh3 20. f4 Bxg2 21. Kxg2 Ng4
22. Bxc5 dxc5 23. Kf3 h5 24. Qc2 Qe6 25. Rbd1 Be7 26. Rd7 Rab8 27. Qd2 Nf6 28.
Rd3 Rbd8 29. e5 Ng4 30. Rxd8 Rxd8 31. Qc2 Ra8 32. Qd3 Rd8 33. Qc2 Rxd1 34. Nxd1
h4 35. gxh4 Bxh4 36. Nec3 Nh6 37. Ne3 Qh3+ 38. Ke4 Nf5 39. Ncd1 Ng3+ 40. Kf3
Nh5+ 41. Ke4 Bg3 42. Qd2 Bxf4 43. Qd8+ Kg7 44. Qe7 Bh6 45. Qxb7 Qh4+ 46. Kf3
Qf4+ 47. Ke2 Ng3+ 48. Ke1 Qf3 0-1

[Event "World Rapid 2017"]
[Site "Riyadh KSA"]
[Date "2017.12.27"]
[Round "10.24"]
[White "Malakhov, Vladimir"]
[Black "Adhiban, Baskaran"]
[Result "0-1"]
[WhiteTitle "GM"]
[BlackTitle "GM"]
[WhiteElo "2686"]
[BlackElo "2655"]
[WhiteFideId "4120787"]
[BlackFideId "5018471"]
[EventDate "2017.12.26"]

1. e4 c5 2. Nf3 d6 3. Bb5+ Nd7 4. a4 a6 5. Bc4 Ngf6 6. d3 b6 7. O-O Bb7 8. h3 g6
9. c3 Bg7 10. Re1 O-O 11. Nbd2 e6 12. Bb3 b5 13. Bc2 Qc7 14. Nf1 Rac8 15. Bf4 e5
16. Bg5 h6 17. Bh4 d5 18. Ne3 Rfe8 19. Ng4 Nxg4 20. hxg4 Nf6 21. g5 hxg5 22.
Nxg5 c4 23. axb5 axb5 24. dxc4 bxc4 25. exd5 Bxd5 26. Nf3 Rcd8 27. Qe2 e4 28.
Nd2 e3 29. fxe3 Rb8 30. Ba4 Re6 31. Nf1 Qb7 32. Rad1 Be4 33. Bc2 Bxc2 34. Qxc2
Qxb2 35. Qxb2 Rxb2 36. Rd4 Ne4 37. Rxc4 g5 38. Bg3 Nxc3 39. Nh2 Ne2+ 40. Rxe2
Rxe2 41. Bf2 Ra6 42. Rc5 Ra1+ 43. Nf1 Bf6 44. Rf5 Kg7 45. g4 Ra4 46. Kg2 Kg6 47.
Kf3 Rea2 48. Rb5 Rb2 49. Rc5 Rbb4 50. Nh2 Rc4 51. Rb5 Rab4 52. Rd5 Be7 53. Bg3
f6 54. Be1 Ra4 55. Bg3 Bc5 56. Nf1 Ba7 57. Nh2 Bxe3 0-1

[Event "World Rapid 2017"]
[Site "Riyadh KSA"]
[Date "2017.12.27"]
[Round "10.25"]
[White "Demchenko, Anton"]
[Black "Melkumyan, Hrant"]
[Result "0-1"]
[WhiteTitle "GM"]
[BlackTitle "GM"]
[WhiteElo "2660"]
[BlackElo "2633"]
[WhiteFideId "4160258"]
[BlackFideId "13302485"]
[EventDate "2017.12.26"]

1. e4 c6 2. d4 d5 3. exd5 cxd5 4. Bd3 Nc6 5. c3 Nf6 6. Bf4 g6 7. Nf3 Bf5 8. Bxf5
gxf5 9. Ne5 e6 10. Nd2 Bd6 11. g3 Qc7 12. Qe2 h5 13. Ndf3 Ne4 14. Nxc6 Qxc6 15.
Bxd6 Nxd6 16. Ne5 Qc7 17. O-O-O O-O-O 18. Kb1 Kb8 19. Nd3 h4 20. g4 fxg4 21.
Qxg4 Rdg8 22. Qf4 Ne4 23. Qxc7+ Kxc7 24. f3 Nd6 25. Rhg1 Kd8 26. Kc1 Ke7 27. Kd2
a5 28. Ke2 a4 29. Ne5 b5 30. b3 Ra8 31. Rd2 Rhc8 32. Kd3 axb3 33. axb3 Ra3 34.
Rb1 b4 35. cxb4 Nb5 36. Ke3 Rc3+ 37. Kf4 Raxb3 38. Rxb3 Rxb3 39. Rc2 f6 40. Nc6+
Kd6 41. Kg4 Rd3 42. Kxh4 Nxd4 43. Nxd4 Rxd4+ 44. Kh5 Rxb4 45. h4 Ke5 46. Rh2 Kf5
47. Kh6 Rb7 48. f4 d4 49. h5 d3 50. Rd2 Rd7 0-1

[Event "World Rapid 2017"]
[Site "Riyadh KSA"]
[Date "2017.12.27"]
[Round "10.26"]
[White "Bortnyk, Olexandr"]
[Black "Li, Chao b"]
[Result "0-1"]
[WhiteTitle "GM"]
[BlackTitle "GM"]
[WhiteElo "2610"]
[BlackElo "2732"]
[WhiteFideId "14120828"]
[BlackFideId "8604436"]
[EventDate "2017.12.26"]

1. d4 Nf6 2. Nc3 d5 3. Bf4 g6 4. e3 Bg7 5. h4 h5 6. Nf3 Bg4 7. Be2 Bxf3 8. Bxf3
a6 9. Qe2 e6 10. O-O-O Nbd7 11. e4 dxe4 12. Nxe4 Nxe4 13. Bxe4 c6 14. Kb1 Qe7
15. c3 Nf6 16. Bg5 Bh6 17. Bxc6+ bxc6 18. Qf3 Bxg5 19. Qxc6+ Nd7 20. Qxa8+ Qd8
21. Qxd8+ Bxd8 22. d5 e5 23. Kc2 Bb6 24. f3 Ke7 25. b4 Rc8 26. d6+ Ke6 27. Rd3
f5 28. Kb3 Bf2 29. Rd2 Be3 30. Rd3 Bf2 31. Rd2 Bg3 32. c4 e4 33. fxe4 fxe4 34.
c5 e3 35. Re2 Bf2 36. Rd1 Nf6 37. a3 Kd7 38. Kc4 Ne4 39. Rd3 Re8 40. Kd5 Nf6+
41. Kc4 Ng4 42. Rd4 Bxh4 43. Rxg4 hxg4 44. Kd5 Bg3 45. a4 Re5+ 46. Kd4 Rf5 47.
b5 axb5 48. axb5 Be5+ 49. Kc4 Bf4 50. Ra2 Re5 51. Ra7+ Ke6 52. Re7+ Kf6 53. Rxe5
Bxe5 54. Kd3 Bd4 55. c6 Ke6 56. d7 0-1

[Event "World Rapid 2017"]
[Site "Riyadh KSA"]
[Date "2017.12.27"]
[Round "10.27"]
[White "Alekseev, Evgeny"]
[Black "Salem, A.R. Saleh"]
[Result "1/2-1/2"]
[WhiteTitle "GM"]
[BlackTitle "GM"]
[WhiteElo "2616"]
[BlackElo "2638"]
[WhiteFideId "4138147"]
[BlackFideId "9301348"]
[EventDate "2017.12.26"]

1. e4 c5 2. Nf3 d6 3. d4 cxd4 4. Qxd4 Nf6 5. Bb5+ Nbd7 6. O-O a6 7. Bxd7+ Bxd7
8. a4 g6 9. c4 Bg7 10. Nc3 O-O 11. Qd3 Rc8 12. Be3 Ng4 13. Bd2 Be6 14. b3 Qb6
15. Rab1 Rfe8 16. h3 Ne5 17. Nxe5 Bxe5 18. Nd5 Qd4 19. Qxd4 Bxd4 20. Rfd1 Ba7
21. a5 f5 22. Nf4 Bf7 23. exf5 gxf5 24. Bc3 Rc6 25. Rd3 e5 26. Nd5 Bxd5 27. Rxd5
Kf7 28. Kf1 Re6 29. f4 Bb8 30. Re1 Kf6 31. g4 b5 32. axb6 Rxb6 33. b4 Kg6 34.
Kg2 Rc6 35. c5 dxc5 36. bxc5 Ba7 37. gxf5+ Kxf5 38. Rdxe5+ Rxe5 39. Rxe5+ Kxf4
40. Bd4 a5 41. Kf2 a4 42. Ke2 a3 43. Kd3 a2 44. Kc4 Bxc5 45. Rxc5 Rxc5+ 46. Kxc5
Kg3 47. Kc4 1/2-1/2

[Event "World Rapid 2017"]
[Site "Riyadh KSA"]
[Date "2017.12.27"]
[Round "10.28"]
[White "Van Foreest, Jorden"]
[Black "Bocharov, Dmitry"]
[Result "0-1"]
[WhiteTitle "GM"]
[BlackTitle "GM"]
[WhiteElo "2629"]
[BlackElo "2583"]
[WhiteFideId "1039784"]
[BlackFideId "4138716"]
[EventDate "2017.12.26"]

1. e4 d6 2. d4 Nf6 3. Bd3 e5 4. Nf3 exd4 5. Nxd4 g6 6. O-O Bg7 7. Nc3 O-O 8. Bg5
c6 9. Qd2 b5 10. a3 Bb7 11. Bh6 Nbd7 12. Rad1 a6 13. Be2 c5 14. Bxg7 Kxg7 15.
Nf3 Bxe4 16. Ng5 d5 17. Ncxe4 dxe4 18. Nxe4 Nxe4 19. Qxd7 Qf6 20. Bd3 Rad8 21.
Qa7 Rfe8 22. Bxe4 Rxd1 23. Rxd1 Rxe4 24. c3 Qd6 25. Rf1 Re2 26. b4 c4 27. h3 Qf6
28. Rc1 h5 29. Qc5 h4 30. Kf1 Ra2 31. Qe3 Rxa3 32. Qd2 a5 33. bxa5 Rxa5 34. Qb2
Qf4 35. Re1 Qh2 36. f3 Qd6 37. Qe2 Ra3 38. Rc1 Qf4 39. Qd1 Qe3 40. Qe1 Qf4 41.
Rc2 Qh2 42. Qxh4 Ra1+ 43. Kf2 Qg1+ 44. Kg3 Qe1+ 45. Rf2 Qxc3 46. Re2 Re1 47. Ra2
Qe5+ 48. Kf2 Rb1 49. Re2 Rb2 50. Rxb2 Qxb2+ 51. Kg1 Qc3 52. f4 Qd4+ 53. Kh2 b4
54. Qg3 c3 55. f5 c2 56. fxg6 0-1

[Event "World Rapid 2017"]
[Site "Riyadh KSA"]
[Date "2017.12.27"]
[Round "10.29"]
[White "Ponomariov, Ruslan"]
[Black "Akobian, Varuzhan"]
[Result "0-1"]
[WhiteTitle "GM"]
[BlackTitle "GM"]
[WhiteElo "2694"]
[BlackElo "2647"]
[WhiteFideId "14103320"]
[BlackFideId "13300580"]
[EventDate "2017.12.26"]

1. e4 e6 2. d4 d5 3. Nc3 Bb4 4. e5 c5 5. a3 Bxc3+ 6. bxc3 Ne7 7. h4 Qc7 8. h5 h6
9. Bd3 b6 10. Qg4 cxd4 11. Ne2 Qxe5 12. cxd4 Qf6 13. Bf4 Nbc6 14. Qg3 Nf5 15.
Bxf5 exf5 16. Nc3 O-O 17. Nxd5 Qe6+ 18. Ne3 Nxd4 19. Be5 Nxc2+ 20. Nxc2 f6 21.
O-O fxe5 22. Rfe1 f4 23. Qc3 e4 24. Nd4 Qd5 25. Nc6 Qxh5 26. Rxe4 f3 27. Ne7+
Kh7 28. Re5 Qg4 29. Qd3+ Rf5 30. Kf1 Ba6 0-1

[Event "World Rapid 2017"]
[Site "Riyadh KSA"]
[Date "2017.12.27"]
[Round "10.31"]
[White "Karjakin, Sergey"]
[Black "Ni, Hua"]
[Result "1-0"]
[WhiteTitle "GM"]
[BlackTitle "GM"]
[WhiteElo "2760"]
[BlackElo "2671"]
[WhiteFideId "14109603"]
[BlackFideId "8601160"]
[EventDate "2017.12.26"]

1. c4 Nf6 2. Nc3 e6 3. e4 d5 4. e5 d4 5. exf6 dxc3 6. bxc3 Qxf6 7. Nf3 Nc6 8.
Bd3 Ne5 9. Be2 Nxf3+ 10. Bxf3 Qe5+ 11. Qe2 Qxe2+ 12. Kxe2 Rb8 13. a4 Bd6 14. d4
b6 15. a5 Ke7 16. axb6 axb6 17. Ra7 Kf6 18. Be3 e5 19. Bc6 Be6 20. Ra4 Rbd8 21.
Rb1 Bd7 22. Bxd7 Rxd7 23. c5 bxc5 24. dxc5 Be7 25. Rb7 Rc8 26. Raa7 Ke6 27. c6
Rdd8 28. Bb6 Bg5 29. Bxc7 Rd2+ 30. Ke1 Rc2 31. Ba5 Rxc6 32. Rxf7 Rd6 33. Rxg7
Bd2+ 34. Kd1 Ra2 35. Bb4 Rxa7 36. Rxa7 Rd8 37. Ke2 h6 1-0

[Event "World Rapid 2017"]
[Site "Riyadh KSA"]
[Date "2017.12.27"]
[Round "10.32"]
[White "Vallejo Pons, Francisco"]
[Black "Kryvoruchko, Yuriy"]
[Result "0-1"]
[WhiteTitle "GM"]
[BlackTitle "GM"]
[WhiteElo "2707"]
[BlackElo "2689"]
[WhiteFideId "2205530"]
[BlackFideId "14109182"]
[EventDate "2017.12.26"]

1. e4 e5 2. Nf3 Nc6 3. Bb5 Nf6 4. d3 Bc5 5. c3 O-O 6. O-O d6 7. h3 Ne7 8. d4 Bb6
9. Re1 Ng6 10. Nbd2 c6 11. Bf1 exd4 12. cxd4 Re8 13. b4 h6 14. a4 a6 15. Qc2 Be6
16. Bb2 Qd7 17. b5 axb5 18. d5 cxd5 19. Bxf6 gxf6 20. Bxb5 Qc8 21. Qb2 Rf8 22.
exd5 Bxd5 23. Ne4 Bxe4 24. Rxe4 f5 25. Rc4 Qd8 26. Rd1 Qe7 27. Re1 Qd8 28. Rd1
Qe7 29. Re1 Qd8 30. Qb1 Qf6 31. Bd7 d5 32. Rcc1 f4 33. Rcd1 Qd6 34. Be6 Ne7 35.
Bg4 Rxa4 36. Rxe7 Rb4 37. Qa2 Qxe7 38. Rxd5 Qf6 39. Ne5 Re4 40. Nd7 Qc3 41. Nxb6
Re1+ 42. Kh2 Qc1 43. g3 fxg3+ 44. Kxg3 Qc7+ 45. Kg2 Qxb6 46. Qd2 Qc6 47. Bf3
Qg6+ 48. Bg4 Re6 49. Kh2 Rc6 50. Rd3 Kh8 51. Rf3 Qd6+ 0-1

[Event "World Rapid 2017"]
[Site "Riyadh KSA"]
[Date "2017.12.27"]
[Round "10.33"]
[White "Potkin, Vladimir"]
[Black "Anton Guijarro, David"]
[Result "1/2-1/2"]
[WhiteTitle "GM"]
[BlackTitle "GM"]
[WhiteElo "2574"]
[BlackElo "2666"]
[WhiteFideId "4131061"]
[BlackFideId "2285525"]
[EventDate "2017.12.26"]

1. d4 f5 2. Nc3 Nf6 3. Bg5 d5 4. e3 Be6 5. Bd3 g6 6. Nf3 Bg7 7. Bf4 c6 8. Ne2
Nbd7 9. h3 O-O 10. Ng5 Bf7 11. O-O Ne4 12. Nxf7 Rxf7 13. c4 e5 14. Bh2 exd4 15.
Nxd4 Ndc5 16. Be2 Qb6 17. Rb1 a6 18. b4 Nd7 19. Rb3 Re8 20. cxd5 cxd5 21. Bf3
Bxd4 22. exd4 f4 23. Qc1 Qf6 24. b5 a5 25. b6 Nb8 26. Rb5 Nc6 27. Rxd5 Nxd4 28.
Re1 Rfe7 29. Bxf4 Nc3 30. Rxe7 Rxe7 31. Rd8+ Kf7 32. Qxc3 Ne2+ 33. Bxe2 Qxc3 34.
Bf3 Kg7 35. Bd5 h6 36. Bd6 Rf7 37. f4 Rxf4 38. Rd7+ Kh8 39. Rd8+ Kg7 40. Rd7+
Kh8 41. Rd8+ Kg7 42. Rd7+ Kh8 1/2-1/2